| 000 | 00632nam a2200205 a 4500 | ||
|---|---|---|---|
| 005 | 20230929063934.0 | ||
| 008 | 010913m19972002cl r 000 0 spa d | ||
| 035 | _aUPN01000111436 | ||
| 049 | _aCG | ||
| 050 | 4 |
_aHQ56 _bA9.3 1997 |
|
| 100 | 1 |
_aAyarza Bastidas, Alfredo _934926 |
|
| 245 | 1 | 0 |
_aEducación sexual para adolescentes / _cAlfredo Ayarza Bastidas. |
| 250 | _a3a ed. | ||
| 260 |
_aSanta Fé de Bogotá : _bMagisterio, _c1997 (2002 impr.). |
||
| 300 |
_a106 p. : _bil. |
||
| 440 | 0 | _aAula abierta | |
| 650 | 4 |
_aAdolescentes _xConducta sexual _91016 |
|
| 650 | 4 |
_aEducación sexual para la juventud _91513 |
|
| 905 | _aLibro | ||
| 999 |
_c85344 _d85344 |
||